Video Games by Box Art [Square Edition] - Statistics

General Stats
  • This quiz has been taken 30 times
  • The average score is 9 of 16
Answer Stats
Picture Answer % Correct
Crash Bandicoot
100%
Final Fantasy VII
95%
Nintendogs: Lab & Friends
86%
Tony Hawks Pro Skater
73%
Metal Gear Solid
68%
New Super Mario Bros.
68%
Pokémon Diamond
68%
Spider-Man 2: Enter Electro
68%
Castlevania: Symphony of the Night
55%
Phoenix Wright: Ace Attorney
55%
Spyro the Dragon
55%
Scribblenauts
50%
Oddworld: Abes Odyssey
36%
The Legend of Zelda: Phantom Hourglass
36%
Shantae and the Pirates Curse
9%
Vagrant Story
0%
No matching quizzes found
Score Distribution
Percent of People with Each Score
Percentile by Number Answered
Your Score History
You have not taken this quiz